000 00841nam a2200205 i 4500
001 35844
003 ES-MaACL
005 20230906155227.0
007 t|
008 160411s1879 fr ||||1| fre d
100 1 _aBarthélemy, Charles (
_d1825-1888)
_9159321
245 1 0 _aErreurs et mensonges historiques.
_nSeizième série /
_cpar M. Ch. Barthélémy.
250 _aNouvelle édition.
260 _aParis :
_bLibrairie Blériot,
_c[188?]
300 _a267 p. ;
_c19 cm.
505 8 _aContiene: Les abus de l'ancien régime. - Ce qu'étaient les Albigeois. - La vérité sur le pape Clément V. - Le procès des Templiers. - Le pape Jean XXII. - Les crimes des Girondins.
650 4 _aHistoria-
_xErrores, invenciones, etc.
_9159334
651 4 _aFrancia-
_xHistoria-
_xErrores, invenciones, etc.
_9159322
852 _aES-MaACL
_jG-137
999 _c35844
_d35844